|
|
|
|
| LEADER |
01511nam a2200301 a 4500 |
| 001 |
0008458 |
| 003 |
BD-DhAAL |
| 008 |
091208s1995 ii a b 001 0 eng d |
| 010 |
|
|
|a 95005373
|
| 020 |
|
|
|a 0803992297 (U.S. : hb)
|
| 020 |
|
|
|a 0803992300 (U.S. : pb)
|
| 020 |
|
|
|a 8170364574 (India : hb)
|
| 020 |
|
|
|a 8170364582 (India : hb)
|
| 040 |
|
|
|a DLC
|c DLC
|d DLC
|d BD-DhAAL
|
| 082 |
0 |
0 |
|a 330.072
|2 20
|
| 100 |
1 |
|
|a Mikkelsen, Britha.
|9 58005
|
| 245 |
1 |
0 |
|a Methods for development work and research :
|b a guide for practitioners /
|c Britha Mikkelsen.
|
| 260 |
|
|
|a New Delhi ;
|a Thousand Oaks :
|b Sage Publications,
|c 1995.
|
| 300 |
|
|
|a 296 p. :
|b ill. ;
|c 25 cm
|
| 504 |
|
|
|a Includes bibliographical references (pages [282]-289) and index.
|
| 526 |
|
|
|a PPDM
|x Mr. Mohammad Aminur Rahman
Research Assistant
|
| 541 |
1 |
|
|e 00008458
|a Ahsania Mission Book Distribution House
|
| 650 |
|
0 |
|a Economic development
|x Research
|x Methodology.
|9 57250
|
| 852 |
4 |
|
|a Ayesha Abed Library
|c General Stacks
|
| 942 |
|
|
|2 ddc
|c BK
|
| 999 |
|
|
|c 6068
|d 6068
|
| 952 |
|
|
|0 0
|1 0
|2 ddc
|4 0
|6 330_072000000000000_MIK_1995
|7 0
|9 6059
|a BRACUL
|b BRACUL
|c GEN
|d 2009-12-14
|g 0.00
|l 0
|o 330.072 MIK
|p 3010008458
|r 2009-12-14
|t 1
|w 2009-12-14
|y BK
|x No price found in the accession register.
|
| 952 |
|
|
|0 0
|1 0
|2 ddc
|4 0
|6 330_072000000000000_MIK
|7 0
|9 75596
|a BRACUL
|b BRACUL
|c GEN
|d 2024-06-04
|e Ahsania Mission Book Distribution House
|g 787.00
|l 0
|o 330.072 MIK
|p 3010017315
|r 2024-06-04
|t 2
|v 500.00
|w 2024-06-04
|y BK
|x Requisitioned by Mr. Mohammad Aminur Rahman (Research Assistant)
|